Państwa Oceanii w kolejności alfabetycznej - Statystyki

Ogólne statystyki
  • Ten quiz został rozwiązany 12 razy
  • Średni wynik to 12 z 14
Odpowiedzi na mapie
Odpowiedzi zakodowano w zielono-czerwonej skali na mapie do tego quizu, zgodnie z poniższymi procentami.
 
Statystyki odpowiedzi
Państwo % Poprawnych
Australia
100%
Fidżi
83%
Nauru
83%
Nowa Zelandia
83%
Palau
83%
Papua-Nowa Gwinea
83%
Samoa
83%
Tonga
83%
Tuvalu
83%
Vanuatu
83%
Wyspy Marshalla
83%
Wyspy Salomona
83%
Kiribati
75%
Mikronezja
75%
Nie znaleziono quizów pasujących do podanych kryteriów
Rozkład punktacji
Procent ludzi z każdym wynikiem
Percentyl według liczby udzielonych odpowiedzi
Twoja historia wyników
Nie rozwiązałeś tego quizu